| 000 | 00621nam a2200229Ia 4500 | ||
|---|---|---|---|
| 003 | OSt | ||
| 005 | 20221006165109.0 | ||
| 006 | a|||||r|||| 00| 0 | ||
| 007 | ta | ||
| 008 | 221006b |||||||| |||| 00| 0 hin d | ||
| 024 | _a5,136 | ||
| 037 | _cTextual | ||
| 040 |
_aFML _cFML _bhin |
||
| 041 |
_2hin _ahin |
||
| 082 | _aT:3(NR), P5 | ||
| 100 |
_aSutta Poonam Au. _9679083 |
||
| 245 | 0 |
_aBharatiya Sangeet _b Shiksha aur Uddeshya |
|
| 260 |
_aNew Delhi _bRaj Publication India _c2005 |
||
| 300 |
_a238 _ccm. |
||
| 942 |
_hT:3(NR), P5 _cTEXL _2CC |
||
| 999 |
_c1119575 _d1119575 |
||